Hotel California - Eagles - Lyrics - Statistics

General Stats
  • This quiz has been taken 735 times
  • The average score is 252 of 326
Answer Stats
Answer % Correct
a
100%
I
100%
the
99%
to
97%
California
96%
Hotel
96%
in
96%
On
95%
on
95%
my
94%
We
94%
we
94%
He
93%
highway
92%
Welcome
92%
of
91%
place
91%
up
91%
Up
91%
hair
90%
lovely
90%
wind
90%
dark
89%
desert
89%
Such
89%
be
88%
hear
88%
can
87%
me
87%
You
87%
you
87%
and
86%
And
86%
Cool
86%
air
85%
night
85%
for
84%
she
84%
She
84%
Her
83%
saw
83%
face
82%
light
82%
had
81%
say
81%
at
80%
Rising
80%
any
79%
distance
79%
door
79%
it
79%
Then
78%
through
78%
time
78%
was
78%
here
77%
shimmering
77%
smell
77%
stop
77%
them
77%
way
77%
but
76%
But
76%
this
76%
could
75%
that
75%
There
75%
ahead
74%
leave
74%
never
74%
heard
73%
heaven
73%
hell
73%
or
73%
find
72%
head
72%
just
72%
said
72%
stood
71%
were
71%
1969
70%
are
70%
since
70%
doorway
69%
showed
69%
So
69%
voices
69%
bell
68%
bring
68%
Bring
68%
corridor
68%
myself
68%
out
68%
they
68%
They
68%
check
67%
like
67%
mission
67%
wine
67%
colitas
66%
grew
66%
heavy
66%
thinking
66%
year
66%
candle
65%
haven't
65%
remember
65%
spirit
65%
thought
65%
What
65%
down
64%
sight
64%
Warm
64%
boys
63%
can't
63%
got
63%
middle
63%
Please
63%
pretty
63%
before
62%
dim
62%
lit
62%
livin'
62%
beast
61%
kill
61%
Plenty
61%
your
61%
dance
60%
from
60%
is
60%
Mercedes
60%
Benz
59%
calls
59%
Captain
59%
forget
59%
lot
59%
nice
59%
Some
59%
some
59%
away
58%
far
58%
friends
58%
surprise
58%
Wake
58%
all
57%
man
56%
back
55%
called
55%
our
55%
own
54%
running
54%
summer
54%
Sweet
54%
those
54%
twisted
54%
with
54%
chamber
53%
device
53%
feast
53%
passage
52%
Anytime
51%
calling
51%
champagne
51%
Last
51%
mind
51%
prisoners
51%
still
51%
sweat
51%
their
51%
thing
51%
alibis
50%
ice
50%
master's
50%
rooms
50%
knives
49%
programmed
49%
courtyard
47%
stab
47%
steely
46%
Relax
45%
ceiling
44%
gathered
44%
Mirrors
44%
receive
44%
Tiffany
44%
pink
43%
How
34%
says
32%
They're
32%
No matching quizzes found
Score Distribution
Percent of People with Each Score
Percentile by Number Answered
Your Score History
You have not taken this quiz